Integrácia ovládača pre zber údajov do programu Origin : Diplomová práca /

Na minha lista:
Detalhes bibliográficos
Autor principal: Šteflík, Miroslav (Author)
Outros Autores: Vogrinčič, Peter, 1952- (Thesis advisor), Liday, Jozef, 1945- (Thesis advisor)
Formato: Manuscrito Livro
Publicado em: Bratislava : STU v Bratislave FEI, 1997
Assuntos:
Tags: Adicionar Tag
Sem tags, seja o primeiro a adicionar uma tag!

MARC

LEADER 00000ntm a22000003a 4500
001 stu9864
005 20160719164954.8
008 970625s1997----------------------------d
040 |a STU  |b slo 
041 0
100 1 |a Šteflík, Miroslav  |4 aut 
245 1 |a Integrácia ovládača pre zber údajov do programu Origin :  |b Diplomová práca /  |c [aut.] řteflík,Miroslav; Škol. Vogrinčič,Peter; Liday,Jozef 
260 |a Bratislava :  |b STU v Bratislave FEI,  |c 1997 
300 |a 98 s 
650 7 |a elektronika  |2 stusub 
700 1 |a Vogrinčič, Peter,  |d 1952-  |4 ths  |u E030  |U FEI Fakulta elektrotechniky a informatiky  |T FEI Ústav elektroniky a fotoniky  |X 1968  |U E030  |Y 549  |7 A000001968 
700 1 |a Liday, Jozef,  |d 1945-  |4 ths  |u E030  |U FEI Fakulta elektrotechniky a informatiky  |T FEI Ústav elektroniky a fotoniky  |X 2050  |U E030  |Y 549  |7 A000002050